Zu zwei medizinischen Texten aus dem Familienarchiv des Adelsgeschlechtes Thun und Hohenstein
| Titel: | Zu zwei medizinischen Texten aus dem Familienarchiv des Adelsgeschlechtes Thun und Hohenstein / Lenka Vodrážková |
|---|---|
| Verfasser: | |
| In: |
Fachtexte des Spätmittelalters und der Frühen Neuzeit, (2014), Seite 119-132 alle Artikel anzeigen |
| Veröffentlicht: | 2014 |
| Format: | Aufsatz |
| Sprache: | Deutsch |
X
alg: 38028357 001A $04505:04-05-16 001B $03025:16-02-24 $t08:52:58.000 001C $04505:04-05-16 $t15:49:16.000 001D $04505:04-05-16 001U $0utf8 001X $00 002@ $0Aou 002C $aText $btxt $2rdacontent 002D $aohne Hilfsmittel zu benutzen $bn $2rdamedia 002E $aBand $bnc $2rdacarrier 003@ $0380283573 007A $0380283573 $aHEB 010@ $ager 010E $erda 011@ $a2014 021A $aZu zwei medizinischen Texten aus dem Familienarchiv des Adelsgeschlechtes Thun und Hohenstein $hLenka Vodrážková 028A $BVerfasser $#Pokorná, Lenka Vodrážková- $#Vodrážková, Lenka $4aut $7132394952 $8Vodrážková-Pokorná, Lenka$Z1972- [Tp3] $9183234154 031A $h119-132 $j2014 039B $aEnthalten in $8--Aau--. Fachtexte des Spätmittelalters und der Frühen Neuzeit. - Berlin : De Gruyter, 2014. - 243 Seiten. - Illustrationen, Diagramme. - ISBN 3-11-035313-X $x201400000000000881 $9342629980 044K $#Thun-Hohenstein $#Thun $7122473310 $8$PThun und Hohenstein$lFamilie$Zab 11. Jh. [Tp1] $909433255X 044K $RArchiv $#Family archives $#Archives familiales $#Archivos familiares $74153650-2 $8Familienarchiv [Ts1] $9085645818 044K $#Medicine $#Médecine $#Humanmedizin $#Heilkunst $#Medicine $74038243-6 $8Medizin [Ts1] $9085104442 044K $RLiteratur $RText $RWissenschaftliche Literatur $RFachbuch $RNichtfiktionale Prosa $RFachsprache $RTraktat $#Textbooks $#Manuels d'enseignement $#Fachliteratur $#Artesliteratur $#Fachprosa $#Sachprosa $#Sachliteratur $74153493-1 $8Fachliteratur [Ts1] $9085644498 045W $801.01.01.004$jFrühneuhochdeutsch [Tkv] $9133070212 045W $803.17.06$jWissenschaftssprache$vGeschichte der [Tkv] $9133075788 045W $803.13.04.073$jMedizin$vFachsprache [Tkv] $9133114910 045W $801.01.01.007.10$jDeutsch in der Tschechischen Republik [Tkv] $9133079341 045W $803.17.20$jTextsorte$vSprachwandel [Tkv] $9133082547 045W $804.09.06.101$jFachtext [Tkv] $913309524X 045W $803.23.01.015$jManuskriptforschung [Tkv] $9133114414 045W $804.03.01$jGraphetik [Tkv] $9133072819 045W $804.09.32$jTextvergleich [Tkv] $9133125653 045W $804.09.08$jTextgliederung [Tkv] $9133074455 045W $803.17.15$jSchriftwandel [Tkv] $9133083489 045W $804.02.14.002$jDiphthong [Tkv] $9133090760 045W $804.03.13$jOrthographie [Tkv] $9133073335 045W $805.09.02$jEinzelne Quellentexte [Tkv] $9133757765 lok: 38028357 64 101B $010-05-16 $t09:20:32.000 101C $004-05-16 101U $0utf8 144Z/01 $at @Zubereitung eines Wundtrankes des Herzog Sigmunds (frnhd. Text) 144Z/02 $at @Vorschriften für vorkommende Krankheiten und Hinweise auf den Schutz vor ihnen (frnhd. Text) exp: 38028357 64 1 #EPN 201B/01 $004-05-16 $t15:49:16.000 201C/01 $004-05-16 201U/01 $0utf8 203@/01 $0773695249 208@/01 $a04-05-16 $be 209A/01 $a0 $f000 $x00 209B/01 $a41 $x05 247C/01 $8Frankfurt, Bibliographie Linguistischer Literatur $9129368261 lok: 38028357 78 exp: 38028357 78 1 #EPN 201B/01 $016-02-24 $t08:51:24.000 201C/01 $016-02-24 201U/01 $0utf8 203@/01 $01256501336 208@/01 $a16-02-24 $be 209A/01 $a/ $f000 $x00 209A/01 $ab*p $x01 220C/01 $apgar 244Z/01 $#Böhmische Kronländer $#Länder der Böhmischen Krone $#Sudetenland $#Böhmen $#Mähren $#Mährisch-Schlesien $#Österreichisch-Schlesien $#Tschechische Sozialistische Republik Böhmische Länder $#Tschechei Böhmische Länder $#Země koruny české $74069573-6 $8--Tg1--Böhmische Länder $x03 $9085195553 247C/01 $82080>Marburg/Lahn, Herder-Institut, Forschungsbibliothek, Bibliographieportal $9336309341
| LEADER | 00000caa a2200000 c 4500 | ||
|---|---|---|---|
| 001 | 380283573 | ||
| 003 | DE-603 | ||
| 005 | 20240216085258.0 | ||
| 007 | tu | ||
| 008 | 160504s2014 xx |||| | u00||u|ger c | ||
| 035 | |a (DE-599)HEB380283573 | ||
| 040 | |a DE-603 |b ger |c DE-603 |d DE-603 |e rda | ||
| 041 | |a ger | ||
| 100 | 1 | |a Vodrážková-Pokorná, Lenka |d 1972- |e Verfasser |4 aut |0 (DE-603)183234154 |0 (DE-588)132394952 |2 gnd | |
| 245 | 0 | 0 | |a Zu zwei medizinischen Texten aus dem Familienarchiv des Adelsgeschlechtes Thun und Hohenstein |c Lenka Vodrážková |
| 264 | 0 | |c 2014 | |
| 336 | |a Text |b txt |2 rdacontent | ||
| 337 | |a ohne Hilfsmittel zu benutzen |b n |2 rdamedia | ||
| 338 | |a Band |b nc |2 rdacarrier | ||
| 600 | 3 | 7 | |a Thun und Hohenstein |c Familie |d ab 11. Jh. |0 (DE-588)122473310 |0 (DE-603)09433255X |2 gnd |
| 650 | 7 | |a Familienarchiv |0 (DE-588)4153650-2 |0 (DE-603)085645818 |2 gnd | |
| 650 | 7 | |a Medizin |0 (DE-588)4038243-6 |0 (DE-603)085104442 |2 gnd | |
| 650 | 7 | |a Fachliteratur |0 (DE-588)4153493-1 |0 (DE-603)085644498 |2 gnd | |
| 773 | 0 | 8 | |i Enthalten in |t Fachtexte des Spätmittelalters und der Frühen Neuzeit |d Berlin : De Gruyter, 2014 |h 243 Seiten, Illustrationen, Diagramme |z 311035313X |z 9783110353136 |g (2014), Seite 119-132 |w (DE-603)342629980 |
| 924 | 0 | |9 603 |a (DE-603)773695249 |b DE-603 |c HES |d d | |
| 924 | 0 | |9 2080 |a (DE-603)1256501336 |b DE-2080 |c HES |d d |g / | |


